000 00411nab a2200145Ia 4500
003 ES-SlBCS
005 20210601134619.0
008 140529s1999 xxu||||| |||| 00| 0 spa d
041 _aspa
100 1 _aCarrasquel, Juan Manuel
_9220438
245 0 0 _aLa vida de los piaroas
_c Juan Manuel Carrasquel
650 0 4 _aPiaroas
_9220439
773 0 _tAnthropos
_gvol. 20, nº. 39, 1999, págs. 91
_wRev38
942 _cAR
999 _c615299
_d615299